| 000 | 00684nja a2200205 a 4500 | ||
|---|---|---|---|
| 003 | BLK | ||
| 005 | 20180422123711.0 | ||
| 008 | 180414c bul|r|ner|||| 00| c0bul d | ||
| 010 | _aNOT00001102006 | ||
| 040 | _aBLK | ||
| 100 | 1 |
_aДолапчиев, Д. _eпърви автор _9361968 |
|
| 700 | 1 |
_aКирков, Георги _eтекст _9384291 |
|
| 245 | 1 | 0 |
_aРаботническа песен _bСмесен хор _cД. Долапчиев; текст Георги Кирков. |
| 257 | _aBGR | ||
| 380 | _a7 | ||
| 773 |
_0299634 _9650814 _aДолапчиев, Д. _tСвобода, дружба, мир |
||
| 852 | _aЦБ М 1335 | ||
| 942 |
_cNOT _n0 |
||
| 944 |
_aCR _c _kИрена_Линкова |
||
| 944 |
_aED _c14.03.2007 _k |
||
| 999 |
_c299640 _d299640 |
||